| 000 | 00667nam a2200229 a 4500 | ||
|---|---|---|---|
| 001 | BRCA_5954 | ||
| 005 | 20190320205257.0 | ||
| 008 | 240311s1917----u--#######---#000-0#eng-# | ||
| 041 | _aeng | ||
| 044 | _au | ||
| 050 | 4 |
_aBX4655.8 _b.W45 1917 |
|
| 100 | 1 |
_aWeidenhan, Joseph L. _915038 |
|
| 245 | 1 | 0 |
_aA dictionary of the saints _cby Joseph L. Weidenhan. |
| 260 |
_aWashington, D.C. _bH. Potter _c1917 |
||
| 300 |
_a335 p. _c23 cm. |
||
| 500 | _aDiccionario inventariado por Banco de México como libro | ||
| 500 | _aG79 | ||
| 650 | 1 | 4 |
_aSantos _eBiografía _vDiccionarios _910421 |
| 650 | 1 | 4 |
_aEnciclopedias y diccionarios _99441 |
| 902 | _aGFM | ||
| 942 |
_2lcc _cB |
||
| 999 |
_c5643 _d5643 |
||